<?xml version="1.0" encoding="UTF-8"?>
<record
    xmlns:xsi="http://www.w3.org/2001/XMLSchema-instance"
    xsi:schemaLocation="http://www.loc.gov/MARC21/slim http://www.loc.gov/standards/marcxml/schema/MARC21slim.xsd"
    xmlns="http://www.loc.gov/MARC21/slim">

  <leader>02281cam a2200577 i 4500</leader>
  <controlfield tag="001">xx004068600</controlfield>
  <controlfield tag="003">NUKAT</controlfield>
  <controlfield tag="005">20260324101519.0</controlfield>
  <controlfield tag="008">170713s2017    pl a     c   |010 0dpol c</controlfield>
  <datafield tag="020" ind1=" " ind2=" ">
    <subfield code="a">9788365588401</subfield>
    <subfield code="q">(oprawa mi&#x119;kka)</subfield>
  </datafield>
  <datafield tag="035" ind1=" " ind2=" ">
    <subfield code="a">(OCoLC)1000031657</subfield>
  </datafield>
  <datafield tag="035" ind1=" " ind2=" ">
    <subfield code="a">(NUKAT)xx004068600</subfield>
  </datafield>
  <datafield tag="040" ind1=" " ind2=" ">
    <subfield code="a">WR O/MB</subfield>
    <subfield code="b">pol</subfield>
    <subfield code="e">rda</subfield>
    <subfield code="c">WR O/MBs</subfield>
    <subfield code="d">WR O/PC</subfield>
    <subfield code="d">WR O/MB</subfield>
    <subfield code="d">KR U/JAKs</subfield>
    <subfield code="d">OLSZT 008/bak</subfield>
  </datafield>
  <datafield tag="045" ind1="2" ind2=" ">
    <subfield code="b">d1817</subfield>
    <subfield code="b">d2017</subfield>
  </datafield>
  <datafield tag="046" ind1=" " ind2=" ">
    <subfield code="k">2017</subfield>
  </datafield>
  <datafield tag="245" ind1="0" ind2="0">
    <subfield code="a">200 lat Ossolineum :</subfield>
    <subfield code="b">1817-2017 : wystawa jubileuszowa : informator /</subfield>
    <subfield code="c">opracowanie &#x141;ukasz Koniarek, Marta P&#x119;kalska.</subfield>
  </datafield>
  <datafield tag="246" ind1="3" ind2="0">
    <subfield code="a">Dwie&#x15B;cie lat Ossolineum</subfield>
  </datafield>
  <datafield tag="246" ind1="1" ind2="4">
    <subfield code="a">200 lat Zak&#x142;adu Narodowego im. Ossoli&#x144;skich</subfield>
  </datafield>
  <datafield tag="250" ind1=" " ind2=" ">
    <subfield code="a">Wydanie pierwsze.</subfield>
  </datafield>
  <datafield tag="260" ind1=" " ind2=" ">
    <subfield code="a">Wroc&#x142;aw :</subfield>
    <subfield code="b">Zak&#x142;ad Narodowy im. Ossoli&#x144;skich,</subfield>
    <subfield code="c">2017.</subfield>
  </datafield>
  <datafield tag="300" ind1=" " ind2=" ">
    <subfield code="a">79, [1] strona :</subfield>
    <subfield code="b">ilustracje (w tym kolorowe) ;</subfield>
    <subfield code="c">23 cm.</subfield>
  </datafield>
  <datafield tag="336" ind1=" " ind2=" ">
    <subfield code="a">Tekst</subfield>
    <subfield code="b">txt</subfield>
    <subfield code="2">rdacontent</subfield>
  </datafield>
  <datafield tag="336" ind1=" " ind2=" ">
    <subfield code="a">Obraz</subfield>
    <subfield code="b">sti</subfield>
    <subfield code="2">rdacontent</subfield>
  </datafield>
  <datafield tag="337" ind1=" " ind2=" ">
    <subfield code="a">Bez urz&#x105;dzenia po&#x15B;rednicz&#x105;cego</subfield>
    <subfield code="b">n</subfield>
    <subfield code="2">rdamedia</subfield>
  </datafield>
  <datafield tag="338" ind1=" " ind2=" ">
    <subfield code="a">Wolumin</subfield>
    <subfield code="b">nc</subfield>
    <subfield code="2">rdacarrier</subfield>
  </datafield>
  <datafield tag="380" ind1=" " ind2=" ">
    <subfield code="a">Ksi&#x105;&#x17C;ki</subfield>
  </datafield>
  <datafield tag="380" ind1=" " ind2=" ">
    <subfield code="a">Publikacje informacyjne</subfield>
  </datafield>
  <datafield tag="388" ind1="1" ind2=" ">
    <subfield code="a">2001-</subfield>
  </datafield>
  <datafield tag="500" ind1=" " ind2=" ">
    <subfield code="a">Wystawa w gmachu ZNiO we Wroc&#x142;awiu.</subfield>
  </datafield>
  <datafield tag="610" ind1="2" ind2="7">
    <subfield code="a">Ossolineum</subfield>
    <subfield code="2">DBN</subfield>
    <subfield code="9">38857</subfield>
  </datafield>
  <datafield tag="610" ind1="2" ind2="7">
    <subfield code="a">Ossolineum (Lw&#xF3;w)</subfield>
    <subfield code="2">DBN</subfield>
    <subfield code="9">38858</subfield>
  </datafield>
  <datafield tag="610" ind1="2" ind2="7">
    <subfield code="a">Zak&#x142;ad Narodowy im. Ossoli&#x144;skich</subfield>
    <subfield code="x">historia</subfield>
    <subfield code="v">katalogi wystaw.</subfield>
    <subfield code="2">kaba</subfield>
    <subfield code="9">38859</subfield>
  </datafield>
  <datafield tag="610" ind1="2" ind2="7">
    <subfield code="a">Zak&#x142;ad Narodowy im. Ossoli&#x144;skich</subfield>
    <subfield code="x">rocznice.</subfield>
    <subfield code="2">kaba</subfield>
    <subfield code="9">38860</subfield>
  </datafield>
  <datafield tag="648" ind1=" " ind2="7">
    <subfield code="a">1801-1900</subfield>
    <subfield code="2">DBN</subfield>
    <subfield code="9">36037</subfield>
  </datafield>
  <datafield tag="648" ind1=" " ind2="7">
    <subfield code="a">1901-2000</subfield>
    <subfield code="2">DBN</subfield>
    <subfield code="9">34996</subfield>
  </datafield>
  <datafield tag="648" ind1=" " ind2="7">
    <subfield code="a">2001-</subfield>
    <subfield code="2">DBN</subfield>
    <subfield code="9">36393</subfield>
  </datafield>
  <datafield tag="650" ind1=" " ind2="7">
    <subfield code="a">Biblioteki naukowe</subfield>
    <subfield code="2">DBN</subfield>
    <subfield code="9">38861</subfield>
  </datafield>
  <datafield tag="650" ind1=" " ind2="7">
    <subfield code="a">Edytorstwo</subfield>
    <subfield code="2">DBN</subfield>
    <subfield code="9">38863</subfield>
  </datafield>
  <datafield tag="651" ind1=" " ind2="7">
    <subfield code="a">Lw&#xF3;w (Ukraina, obw. lwowski)</subfield>
    <subfield code="2">DBN</subfield>
    <subfield code="9">38862</subfield>
  </datafield>
  <datafield tag="651" ind1=" " ind2="7">
    <subfield code="a">Wroc&#x142;aw (woj. dolno&#x15B;l&#x105;skie)</subfield>
    <subfield code="2">DBN</subfield>
    <subfield code="9">37057</subfield>
  </datafield>
  <datafield tag="655" ind1=" " ind2="7">
    <subfield code="a">Informator</subfield>
    <subfield code="2">DBN</subfield>
    <subfield code="9">35181</subfield>
  </datafield>
  <datafield tag="655" ind1=" " ind2="7">
    <subfield code="a">Publikacja bogato ilustrowana</subfield>
    <subfield code="2">DBN</subfield>
    <subfield code="9">35165</subfield>
  </datafield>
  <datafield tag="658" ind1=" " ind2=" ">
    <subfield code="a">Bibliotekarstwo, archiwistyka, muzealnictwo</subfield>
  </datafield>
  <datafield tag="658" ind1=" " ind2=" ">
    <subfield code="a">Historia</subfield>
  </datafield>
  <datafield tag="700" ind1="1" ind2=" ">
    <subfield code="a">Koniarek, &#x141;ukasz</subfield>
    <subfield code="d">(1967- ).</subfield>
    <subfield code="e">Opracowanie</subfield>
    <subfield code="9">38855</subfield>
  </datafield>
  <datafield tag="700" ind1="1" ind2=" ">
    <subfield code="a">P&#x119;kalska, Marta.</subfield>
    <subfield code="e">Opracowanie</subfield>
    <subfield code="9">38856</subfield>
  </datafield>
  <datafield tag="710" ind1="2" ind2=" ">
    <subfield code="a">Zak&#x142;ad Narodowy im. Ossoli&#x144;skich.</subfield>
    <subfield code="e">Wydawca</subfield>
    <subfield code="4">pbl</subfield>
    <subfield code="9">5174</subfield>
  </datafield>
  <datafield tag="730" ind1="0" ind2=" ">
    <subfield code="a">Katalog wystawy (Zak&#x142;ad Narodowy im. Ossoli&#x144;skich ; Wroc&#x142;aw ; 2017)</subfield>
    <subfield code="9">38854</subfield>
  </datafield>
  <datafield tag="920" ind1=" " ind2=" ">
    <subfield code="a">978-83-65588-40-1 (oprawa mi&#x119;kka)</subfield>
  </datafield>
  <datafield tag="942" ind1=" " ind2=" ">
    <subfield code="2">ddc</subfield>
    <subfield code="c">BK_NM</subfield>
  </datafield>
  <datafield tag="999" ind1=" " ind2=" ">
    <subfield code="c">27251</subfield>
    <subfield code="d">27251</subfield>
  </datafield>
  <datafield tag="952" ind1=" " ind2=" ">
    <subfield code="0">0</subfield>
    <subfield code="1">0</subfield>
    <subfield code="2">ddc</subfield>
    <subfield code="4">0</subfield>
    <subfield code="7">0</subfield>
    <subfield code="8">K_mag</subfield>
    <subfield code="a">BIP</subfield>
    <subfield code="b">BIP</subfield>
    <subfield code="d">2019-04-26</subfield>
    <subfield code="e">W-23/2019</subfield>
    <subfield code="f">W</subfield>
    <subfield code="g">20.00</subfield>
    <subfield code="i">59768</subfield>
    <subfield code="l">0</subfield>
    <subfield code="o">59768</subfield>
    <subfield code="p">IPWK21462</subfield>
    <subfield code="r">2026-03-24 10:16:29</subfield>
    <subfield code="w">2026-03-24</subfield>
    <subfield code="y">BK_NM</subfield>
  </datafield>
</record>
